Ligue 1: 300+ Matches (2000-) - Statistics

General Stats
  • This quiz has been taken 4 times
  • The average score is 6 of 77
Answer Stats
Ranking Player Positions Nationality Matches Goals (assists) Periods Clubs % Correct
1 Steve Mandanda GK 555 0 (1) 2007-2015, 2017-2025
100%
35 Adrien Thomasson DF, MF, FW 347 46 (45) 2011-2012, 2014-2025
50%
22 Anthony Lopes GK 396 0 (0) 2012-2025
50%
37 Bafétimbi Gomis FW 340 121 (29) 2004-2013, 2016-2017
50%
46 Benjamin Lecomte GK 329 0 (1) 2010-2020, 2022-2025
50%
17 Benoît Costil GK 407 0 (0) 2007-2008, 2011-2023
50%
21 Blaise Matuidi MF 400 30 (20) 2005-2018
50%
66 Marquinhos DF, MF 312 26 (7) 2013-2025
50%
51 Sidney Govou MF, FW 324 50 (37) 2000-2009, 2011-2013
50%
57 Wahbi Khazri MF, FW 319 75 (35) 2012-2015, 2017-2025
50%
55 Wissam Ben Yedder MF, FW 320 161 (42) 2010-2015, 2019-2024
50%
63 Alaixys Romao DF, MF 313 6 (10) 2008-2015, 2018-2020
0%
41 Alou Diarra MF 336 24 (7) 2002-2012, 2016-2017
0%
26 Anthony Réveillère DF 370 5 (17) 2000-2013
0%
10 Benjamin André DF, MF 438 24 (23) 2011-2025
0%
50 Benjamin Nivet MF 325 47 (31) 2001-2002, 2005-2008, 2010-2012, 2015-2016, 2017-2018
0%
20 Benoît Cheyrou MF 405 30 (44) 2000-2014
0%
19 Benoît Pedretti MF 406 30 (44) 2001-2013, 2016-2017
0%
61 Camel Meriem MF 314 26 (34) 2001-2008, 2010-2013
0%
32 Cédric Carrasso GK 352 0 (0) 2002-2003, 2005-2017
0%
71 Cédric Varrault DF 305 10 (1) 2002-2009, 2011-2012, 2016-2018
0%
33 Christophe Jallet DF 349 15 (30) 2006-2020
0%
74 Cyril Jeunechamp DF, MF 303 5 (12) 2000-2013
0%
6 Daniel Congré DF 490 14 (9) 2004-2021
0%
70 David Ducourtioux DF, MF 306 7 (15) 2002-2003, 2006-2013, 2015-2016
0%
5 Dimitri Payet MF, FW 492 103 (115) 2005-2014, 2016-2023
0%
9 Étienne Didot MF 460 18 (39) 2001-2019
0%
40 Fabien Lemoine MF 337 7 (16) 2007-2016, 2020-2022
0%
2 Florent Balmont MF 512 13 (39) 2002-2020
0%
72 Franck Béria DF 305 4 (8) 2001-2002, 2003-2005, 2007-2017
0%
38 Gaël Danic MF 339 42 (42) 2000-2002, 2005-2006, 2008-2017
0%
64 Grégory Pujol FW 313 76 (16) 2002-2013, 2015-2016
0%
16 Jaroslav Plašil MF 410 20 (37) 2001-2007, 2009-2019
0%
76 Jean Makoun MF 300 20 (27) 2002-2010, 2012-2015
0%
47 Jérémy Clément MF 329 7 (6) 2003-2017
0%
13 Jérémy Morel DF 425 10 (15) 2006-2022
0%
48 Jérémy Sorbon DF 329 9 (2) 2004-2005, 2007-2008, 2010-2011, 2013-2019
0%
25 Jérémy Toulalan DF, MF 379 2 (13) 2001-2010, 2013-2018
0%
42 Jérôme Leroy MF 334 41 (45) 2000-2012
0%
8 Jimmy Briand MF, FW 483 102 (61) 2002-2013, 2015-2022
0%
30 Jordan Ferri MF 358 11 (20) 2012-2025
0%
39 Julien Féret MF 339 45 (48) 2008-2018
0%
73 Kévin Gameiro FW 305 101 (24) 2005-2006, 2007-2012, 2021-2024
0%
29 Kévin Monnet-Paquet MF, FW 359 33 (21) 2006-2007, 2009-2018, 2020-2021
0%
23 Laurent Batlles MF 385 38 (25) 2000-2012
0%
24 Loïc Perrin DF, MF 381 27 (11) 2004-2020
0%
69 Marama Vahirua MF, FW 307 70 (35) 2000-2011
0%
77 Marc Planus DF 300 5 (5) 2002-2015
0%
15 Mathieu Bodmer DF, MF 418 41 (26) 2003-2020
0%
49 Mathieu Debuchy DF 328 27 (14) 2003-2012, 2015-2016, 2017-2021
0%
7 Mickaël Landreau GK 490 0 (0) 2000-2014
0%
62 Nicolas Maurice-Belay MF, FW 314 14 (31) 2005-2016
0%
75 Nicolas Pallois DF 302 9 (8) 2010-2011, 2014-2025
0%
18 Nicolas Penneteau GK 407 0 (0) 2000-2004, 2006-2014
0%
31 Olivier Sorlin MF 358 15 (18) 2001-2007, 2011-2015
0%
54 Péguy Luyindula MF, FW 322 79 (19) 2000-2011
0%
59 Pierre-Alain Frau MF, FW 317 83 (32) 2001-2011, 2013-2014
0%
45 Rémy Cabella MF, FW 330 60 (46) 2010-2013, 2015-2018, 2021-2025
0%
43 Renaud Cohade MF 334 20 (36) 2004-2005, 2007-2008, 2009-2017, 2019-2020
0%
12 Rio Mavuba MF 426 6 (6) 2003-2017
0%
28 Rod Fanni DF 361 8 (14) 2002-2003, 2005-2014, 2016-2017
0%
53 Romain Danzé DF, MF 323 8 (14) 2006-2018
0%
36 Romain Hamouma MF, FW 347 63 (46) 2010-2023
0%
44 Romain Pitau MF 333 7 (23) 2002-2013
0%
27 Ryad Boudebouz MF, FW 369 49 (61) 2008-2016, 2019-2022
0%
56 Sébastien Corchia DF, MF 319 10 (16) 2008-2009, 2011-2016, 2020-2023
0%
14 Souleymane Camara FW 423 62 (27) 2001-2006, 2009-2020
0%
68 Souleymane Diawara DF 309 14 (3) 2002-2015
0%
11 Stéphane Ruffier GK 428 0 (0) 2007-2020
0%
4 Sylvain Armand DF 507 19 (14) 2000-2017
0%
52 Teddy Richert GK 324 0 (0) 2000-2012
0%
34 Thomas Mangani MF 348 27 (31) 2008-2012, 2015-2023
0%
67 Toifilou Maoulida FW 310 63 (7) 2001-2007, 2009-2010, 2012-2014
0%
60 Ulrich Ramé GK 316 0 (0) 2000-2011
0%
65 Valère Germain MF, FW 313 61 (27) 2010-2011, 2013-2023
0%
3 Vitorino Hilton DF 512 20 (11) 2003-2021
0%
58 Zoumana Camara DF 318 5 (1) 2000-2002, 2004-2015
0%
No matching quizzes found
Score Distribution
Percent of People with Each Score
Percentile by Number Answered
Your Score History
You have not taken this quiz